000
00312nam a22001457a 4500
008
210303b ||||| |||| 00| 0 eng d
020
_a
0826404871
041
_a
eng
080
_a
159.9
082
_a
159.9
100
_a
48
101
_a
PSI
245
_a
Counseling Children
_c
Mordock, J.B
942
_2
udc
_c
BK
999
_c
55581
_d
55581